Lo príncep (Record no. 7935)

MARC details
000 -CABECERA
campo de control de longitud fija 00856nam a2200253 a 4500
001 - NÚMERO DE CONTROL
campo de control BRCA_8267
005 - FECHA Y HORA DE LA ÚLTIMA TRANSACCIÓN
campo de control 20190320210213.0
008 - DATOS DE LONGITUD FIJA--INFORMACIÓN GENERAL
campo de control de longitud fija 060614s1920----sp-####f##---#000-0#cat-#
041 ## - CÓDIGO DE LENGUA
Código de lengua del texto/banda sonora o título independiente cat
044 ## - CÓDIGO DEL PAÍS DE LA ENTIDAD EDITORA/PRODUCTORA
Código MARC del país sp
050 #4 - SIGNATURA TOPOGRÁFICA DE LA BIBLIOTECA DEL CONGRESO
Número de clasificación JC143.M3
Número de documento/Ítem .P5 1920
100 1# - ENTRADA PRINCIPAL--NOMBRE DE PERSONA
Nombre de persona Machiavelli, N.
Fechas asociadas al nombre 1469-1527
9 (RLIN) 20643
245 10 - MENCIÓN DE TÍTULO
Título Lo príncep
Mención de responsabilidad, etc. N. Machiavelli ; traducció catalana, ara per primera volta publicada precedid d´un breu comentari per J. Pin y Soler.
260 ## - PUBLICACIÓN, DISTRIBUCIÓN, ETC.
Lugar de publicación, distribución, etc. Barcelona
Nombre del editor, distribuidor, etc. Librería antigua y moderna de S. Barbo
Fecha de publicación, distribución, etc. 1920
300 ## - DESCRIPCIÓN FÍSICA
Extensión 188 p.
Dimensiones 23 cm.
500 ## - NOTA GENERAL
Nota general Dedicatoria del traductor al señor Franz Mayer
500 ## - NOTA GENERAL
Nota general Ejemplar numerado 133 de 200
500 ## - NOTA GENERAL
Nota general S28
650 14 - PUNTO DE ACCESO ADICIONAL DE MATERIA--TÉRMINO DE MATERIA
Término de materia o nombre geográfico como elemento de entrada Ciencias políticas
Subdivisión de forma Literatura
9 (RLIN) 20644
650 14 - PUNTO DE ACCESO ADICIONAL DE MATERIA--TÉRMINO DE MATERIA
Término de materia o nombre geográfico como elemento de entrada Ética política
Subdivisión de forma Narrativa
9 (RLIN) 20645
700 1# - PUNTO DE ACCESO ADICIONAL--NOMBRE DE PERSONA
Nombre de persona Pin y Soler, J.
Término indicativo de función/relación tr.
9 (RLIN) 20646
902 ## - CATALOGADOR
Iniciales GFM
942 ## - ELEMENTOS DE PUNTO DE ACCESO ADICIONAL (KOHA)
Fuente del sistema de clasificación o colocación Library of Congress Classification
Tipo de ítem Koha Libros
Holdings
Estado de retiro Estado de pérdida Estado dañado No para préstamo Localización permanente Ubicación/localización actual Fecha de adquisición Número de inventario Total de préstamos Signatura topográfica completa Código de barras Fecha visto por última vez Precio válido a partir de Tipo de ítem Koha
El ejemplar forma parte de la colección y puede ser consultado según las políticas vigentes.       Biblioteca del Museo Franz Mayer (Rogerio Casas-Alatriste) Biblioteca del Museo Franz Mayer (Rogerio Casas-Alatriste) 06/06/2014 S28   JC143.M3 .P5 1920 (S28) 8891 22/03/2019 22/03/2019 Libros